La relación de confianza y su incidencia en el derecho universal a la salud (Registro nro. 31816)

Detalles MARC
000 -LEADER
fixed length control field 00363 a2200109 4500
001 - CONTROL NUMBER
control field ART_49278
005 - DATE AND TIME OF LATEST TRANSACTION
control field 20260410162007.0
008 - FIXED-LENGTH DATA ELEMENTS--GENERAL INFORMATION
fixed length control field 260409a
100 1# - MAIN ENTRY--PERSONAL NAME
Personal name Humphreys, Ethel
245 10 - TITLE STATEMENT
Title La relación de confianza y su incidencia en el derecho universal a la salud
773 0# - HOST ITEM ENTRY
Title Temas de derecho civil
Related parts - Año 5, N° 7 (jul. 2019)
Record control number REV34778

No hay ítems disponibles.